Statystyki dla Sunrise Avenue - Wszystkie piosenki

Kliknij tutaj aby rozwiązać quiz!

Ogólne statystyki

  • Ten quiz został rozwiązany 6 razy
  • Średni wynik to 16 z 76

Statystyki odpowiedzi

Tytuł piosenki% Poprawnych
Fairytale Gone Bad
100%
Hollywood Hills
100%
Forever Yours
67%
I Don't Dance
67%
The Whole Story
67%
Welcome To My Life
67%
Bad
50%
Choose To Be Me
50%
Dreamer
50%
Not Again
50%
Romeo
50%
Damn Silence
33%
Destiny
33%
Heal Me
33%
Heartbreak Century
33%
I Help You Hate Me
33%
Kiss 'N' Run
33%
Little Bit Love
33%
Only
33%
Point Of No Return
33%
Somebody Help Me
33%
Thank You For Everything
33%
You Can Never Be Ready
33%
6 - 0
17%
All Becouse Of You
17%
Angels On A Rampage
17%
Diamonds
17%
Dream Like A Child
17%
Girl Like You
17%
Happiness
17%
Home
17%
Hurtsville
17%
I Gotta Go
17%
Into The Blue
17%
Let Me Go
17%
Lifesaver
17%
Monk Bay
17%
My Girl Is Mine
17%
Never Let Go
17%
Nothing Is Over
17%
Prisoner In Paradise
17%
Question Marks
17%
Rising Sun
17%
Room
17%
Somebody Like Me
17%
Somebody Will Find You Someday
17%
Stormy End
17%
Sweet Symphony
17%
Unholy Ground
17%
Afraid Of The Midnight
0%
Afterglow
0%
Aim For The Kill
0%
Beautiful
0%
Birds Ans Bees
0%
Bye Bye
0%
It Ain't The Way
0%
Don't Cry
0%
Feel Alive
0%
Fight 'Til Dying
0%
Flag
0%
Funkytown
0%
I Can Break Your Heart
0%
If I Fall
0%
Iron Sky
0%
Kiss Goodbye
0%
Letters In The Sand
0%
Make It Go Away
0%
Out Of Tune
0%
Runaway
0%
Sail Away With Me
0%
Sex & Cigarettes
0%
Something Sweet
0%
Sunny Day
0%
The Right One
0%
What I Like About You
0%
Wonderland
0%

Rozkład punktacji

Percentyl według liczby udzielonych odpowiedzi

Procent ludzi z każdym wynikiem

Twoja historia wyników

Nie rozwiązałeś tego quizu